Name the animal's food - Statistics

General Stats
  • This quiz has been taken 23 times
  • The average score is 6 of 15
Answer Stats
Animal Animal's Food % Correct
Panda Bamboo
100%
Penguin Fish
68%
Squirrel Caterpillar|Larvae|Winged Bugs|Grasshoppers|Injured Butterflies|Crickets|Dead Animals|Insects|Acorns|Walnuts|Nuts|Grains
64%
Giraffe Leaves|Twigs|Acacia|Mimosa
64%
Polar Bear Seal|Walrus|Narwhal|Beluga Whale|Polar Bears|Cubs
45%
Chicken Grains|Seeds
41%
Bunny Hay|Grass|Poop|Feces|Dung
41%
Fin Whale Krill|Copepods|Squid|Schools
36%
Koala Leaves
36%
Lion Gazelles|Giraffes|Wildebeest|Zebras
27%
Shark Dolphin|Seals|Memos
23%
Armadillo Insects|Rat|Mice|Plants|Vegetables|Fruit
23%
Chinchilla Grass|Leaves|Twigs
18%
Turtle Leaves|Fruit
14%
Hamster Cabbage|Lettuce
9%
No matching quizzes found
Score Distribution
Percent of People with Each Score
Percentile by Number Answered
Your Score History
You have not taken this quiz